00487nam a2200181Ia 450000500170000000800410001702000100005804000190006804100120008708200160009910000290011524500720014426000370021630000110025350400190026465000120028385000100029520240919103442.0131103s9999 xx 000 0 und d cRs.14 aLoreto College aEnglish a891.44bBAN aBandhopadhya, Jotiprosad aBhartio shikhar itihas o sampratik samasyacJotiprosad Bandhopadhya aKolkatabShikha prokashonic1967 a206p.  aIncludes index aBengali aLCBED